000
00258nam a22001097a 4500
008
180806b xxu||||| |||| 00| 0 eng d
082
_a
813.52
245
_a
Partical computer literacy
_c
Parsons and Oja
260
_c
2004
300
_a
3
_f
CD
942
_2
ddc
_c
MX
999
_c
46835
_d
46835